Eastern Utah Libraries Catalog: Duchesne, Heber, Roosevelt, & Vernal

Olivia takes ballet (Record no. 67255)

MARC details
000 -LEADER
fixed length control field 02935cgm a2200685Ia 4500
001 - CONTROL NUMBER
control field ocn503581461
003 - CONTROL NUMBER IDENTIFIER
control field OCoLC
005 - DATE AND TIME OF LATEST TRANSACTION
control field 20241220124607.0
007 - PHYSICAL DESCRIPTION FIXED FIELD--GENERAL INFORMATION
fixed length control field vd cvaizs
008 - FIXED-LENGTH DATA ELEMENTS--GENERAL INFORMATION
fixed length control field 100205s2010 cau095 j vaeng d
020 ## - INTERNATIONAL STANDARD BOOK NUMBER
International Standard Book Number 1415751862
020 ## - INTERNATIONAL STANDARD BOOK NUMBER
International Standard Book Number 9781415751862
024 1# - OTHER STANDARD IDENTIFIER
Standard number or code 097368949645
028 42 - PUBLISHER NUMBER
Publisher number 89496
Source Paramount Home Entertainment
035 ## - SYSTEM CONTROL NUMBER
System control number (OCoLC)503581461
037 ## - SOURCE OF ACQUISITION
Source of stock number/acquisition Midwest Tape
Note http://www.midwesttapes.com
040 ## - CATALOGING SOURCE
Original cataloging agency TEFMT
Transcribing agency TEFMT
Modifying agency TEF
-- UINTA
Description conventions
041 1# - LANGUAGE CODE
Language code of text/sound track or separate title eng
Language code of original and/or intermediate translations of text eng
049 ## - LOCAL HOLDINGS (OCLC)
Holding library UCLB
050 14 - LIBRARY OF CONGRESS CALL NUMBER
Classification number PN1992.77
Item number .O45 2010
082 04 - DEWEY DECIMAL CLASSIFICATION NUMBER
Classification number 791.45/75
Edition number 22
092 ## - LOCALLY ASSIGNED DEWEY CALL NUMBER (OCLC)
Classification number 791.457
245 00 - TITLE STATEMENT
Title Olivia takes ballet
260 ## - PUBLICATION, DISTRIBUTION, ETC. (IMPRINT)
Place of publication, distribution, etc Hollywood, Calif. :
Name of publisher, distributor, etc Paramount Home Entertainment,
Date of publication, distribution, etc c2010.
264 ## - Production, Publication, Distribution, Manufacture, and Copyright Notice.
Place of production, publication, distribution, manufacture Hollywood, Calif. :
Name of producer, publisher, distributor, manufacturer Paramount Home Entertainment,
Date of production, publication, distribution, manufacture, or copyr c2010.
300 ## - PHYSICAL DESCRIPTION
Extent 1 videodisc (95 min.) :
Other physical details sd., col. ;
Dimensions 4 3/4 in.
500 ## - GENERAL NOTE
General note Title from container.
500 ## - GENERAL NOTE
General note Based on the character created by Ia Falconer.
500 ## - GENERAL NOTE
General note Special features: Olivia's fashion show featurette.
505 00 - FORMATTED CONTENTS NOTE
Title Olivia take ballet ;
-- Olivia and her ducklings --
-- Olivia and the anniversary surprise ;
-- Olivia the pet monitor --
-- Olivia runs a carnival ;
-- Olivia explores the attic --
-- Olivia goes camping ;
-- Olivia becomes a vet.
520 ## - SUMMARY, ETC.
Summary, etc Whether Olivia is learning to dance like a prima ballerina, running her school carnival, or camping in the great outdoors, no challenge is too great for this tireless heroine!
521 8# - TARGET AUDIENCE NOTE
Target audience note Not rated.
521 8# - TARGET AUDIENCE NOTE
Target audience note CHV rating: G.
538 ## - SYSTEM DETAILS NOTE
System details note DVD, region 1, full screen (1.33:1) presentation; Dolby Digital stereo., NTSC.
540 ## - TERMS GOVERNING USE AND REPRODUCTION NOTE
Terms governing use and reproduction This DVD disc is copy protected.
546 ## - LANGUAGE NOTE
Language note Closed-captioned.
650 #0 - SUBJECT ADDED ENTRY--TOPICAL TERM
Topical term or geographic name as entry element Olivia (Fictitious character : Falconer)
Form subdivision Juvenile films.
9 (RLIN) 6477698
650 #0 - SUBJECT ADDED ENTRY--TOPICAL TERM
Topical term or geographic name as entry element Ballet dancers
Form subdivision Juvenile films.
9 (RLIN) 6477699
650 #0 - SUBJECT ADDED ENTRY--TOPICAL TERM
Topical term or geographic name as entry element Anniversaries
Form subdivision Juvenile films.
9 (RLIN) 6477700
650 #0 - SUBJECT ADDED ENTRY--TOPICAL TERM
Topical term or geographic name as entry element Carnivals
Form subdivision Juvenile films.
9 (RLIN) 6369346
650 #0 - SUBJECT ADDED ENTRY--TOPICAL TERM
Topical term or geographic name as entry element Camping
Form subdivision Juvenile films.
9 (RLIN) 5714635
650 #1 - SUBJECT ADDED ENTRY--TOPICAL TERM
Topical term or geographic name as entry element Olivia (Fictitious character : Falconer)
Form subdivision Drama.
9 (RLIN) 6477701
650 #1 - SUBJECT ADDED ENTRY--TOPICAL TERM
Topical term or geographic name as entry element Ballet dancers
Form subdivision Drama.
9 (RLIN) 5796688
650 #1 - SUBJECT ADDED ENTRY--TOPICAL TERM
Topical term or geographic name as entry element Anniversaries
Form subdivision Drama.
9 (RLIN) 6458343
650 #1 - SUBJECT ADDED ENTRY--TOPICAL TERM
Topical term or geographic name as entry element Carnivals
Form subdivision Drama.
9 (RLIN) 6203810
650 #1 - SUBJECT ADDED ENTRY--TOPICAL TERM
Topical term or geographic name as entry element Camping
Form subdivision Drama.
9 (RLIN) 5714638
655 #0 - INDEX TERM--GENRE/FORM
Genre/form data or focus term Fantasy television programs.
9 (RLIN) 102697
655 #0 - INDEX TERM--GENRE/FORM
Genre/form data or focus term Action and adventure television programs.
9 (RLIN) 5676921
655 #0 - INDEX TERM--GENRE/FORM
Genre/form data or focus term Children's television programs.
9 (RLIN) 6203811
655 #0 - INDEX TERM--GENRE/FORM
Genre/form data or focus term Animated television programs.
9 (RLIN) 6203812
655 #0 - INDEX TERM--GENRE/FORM
Genre/form data or focus term Television programs for the hearing impaired.
9 (RLIN) 5673659
655 #0 - INDEX TERM--GENRE/FORM
Genre/form data or focus term Television series.
9 (RLIN) 6203813
655 #0 - INDEX TERM--GENRE/FORM
Genre/form data or focus term Fiction television programs.
9 (RLIN) 5673656
700 1# - ADDED ENTRY--PERSONAL NAME
Personal name Falconer, Ian,
Dates associated with a name 1959-
9 (RLIN) 57386
710 2# - ADDED ENTRY--CORPORATE NAME
Corporate name or jurisdiction name as entry element Nickelodeon (Firm)
9 (RLIN) 18033
710 2# - ADDED ENTRY--CORPORATE NAME
Corporate name or jurisdiction name as entry element Silver Lining Productions Limited (Firm)
9 (RLIN) 6203814
710 2# - ADDED ENTRY--CORPORATE NAME
Corporate name or jurisdiction name as entry element Paramount Home Entertainment (Firm)
9 (RLIN) 72161
730 0# - ADDED ENTRY--UNIFORM TITLE
Uniform title Olivia (Television program)
9 (RLIN) 5675901
942 ## - ADDED ENTRY ELEMENTS (KOHA)
Koha item type DVD
Source of classification or shelving scheme Dewey Decimal Classification
Holdings
Withdrawn status Lost status Source of classification or shelving scheme Damaged status Not for loan Collection code Home library Current library Shelving location Date acquired Source of acquisition Cost, normal purchase price Total Checkouts Total Renewals Full call number Barcode Checked out Date last seen Date checked out Cost, replacement price Price effective from Koha item type
  Long Overdue (Lost) Dewey Decimal Classification     Children Movies Wasatch County Library Wasatch County Library Audio Visual Area 04/30/2010   12.95 179 12 E DVD Olivia 34301000944514 05/29/2024 05/10/2024 05/10/2024 12.95 03/20/2020 DVD
This project was made possible through a grant from the Institute of Museum and Library Service administered by the Utah State Library Division.

Wasatch County Library

  • 465 East 1200 South, Heber City, Utah 84032
  • Phone 435-654-1511 | Fax 435-654-6456

Hours

  • Monday - Friday 9:30 AM - 8:00 PM
  • Saturday 9:30 AM - 1:30 PM
  • Closed Sundays and Holidays